| 000 | 01063nam a2200253 i 4500 | ||
|---|---|---|---|
| 001 | 19182 | ||
| 003 | ES-MaACL | ||
| 005 | 20250825073430.0 | ||
| 007 | t| | ||
| 008 | 020628s2002 sp ||||1| spa d | ||
| 020 | _a84-95179-65-2 | ||
| 080 | _a070(460)(063) | ||
| 111 | 2 |
_aCongreso Prensa y Periodismo Especializado _n(1º. _d2002. _cGuadalajara) _9573 |
|
| 245 | 1 | 0 |
_aPrensa y periodismo especializado _b: (historia y realidad actual) / _c[I Congreso Prensa y Periodismo Especializado, Guadalajara, 8-10 de mayo de 2002] ; Juan José Fernández Sanz, José Carlos Rueda Laffond, Carlos Sanz Establés (editores). |
| 260 |
_aGuadalajara : _bAyuntamiento, _c2002. |
||
| 300 |
_a672 p. : _bgráf. ; _c24 cm. |
||
| 650 | 4 |
_aPeriodismo especializado- _vCongresos y asambleas. _9138843 |
|
| 650 | 0 | 4 |
_aPrensa- _vCongresos y asambleas. _916352 |
| 700 | 1 |
_aFernández Sanz, Juan José. _950081 |
|
| 700 | 1 |
_aRueda Laffond, José Carlos. _9100525 |
|
| 700 | 1 |
_aSanz Establés, Carlos. _9103636 |
|
| 852 | 4 |
_aES-MaACL _jL-25616 _bR.131682 |
|
| 999 |
_c19182 _d19182 |
||